| 000 | 01050cam a22003257a 4500 | ||
|---|---|---|---|
| 003 | CHAP | ||
| 005 | 20220329140954.0 | ||
| 008 | 971013s1984 r 00010 d | ||
| 010 | _a60721 | ||
| 011 | _a61693 | ||
| 035 | _a65861 | ||
| 040 | _cCHAP | ||
| 082 |
_a338 _bU5 |
||
| 100 | 0 | 0 |
_aUnger, Kurt. _9116162 |
| 245 | 0 | _aMéxico transferencia de tecnología y estructura industrial | |
| 260 |
_aMéxico, D. F. : _bC.I.D.E., _c1984 |
||
| 300 |
_a171 p. _b: ilus. |
||
| 590 |
_aBATCH-UPD _b10 _c20130110 _lUCH01 _h1101 |
||
| 590 |
_aBATCH-UPD _b10 _c20130410 _lUCH01 _h0655 |
||
| 590 |
_aBATCH-UPD _b10 _c20130914 _lUCH01 _h1633 |
||
| 590 |
_aCONVERSION _b10 _c20130109 _lUCH01 _h1333 |
||
| 650 | 1 | 4 |
_aIndustria _xMéxico. _957751 |
| 650 | 1 | 4 |
_aTecnología. _9111937 |
| 650 | 1 | 4 |
_aTransferencia de tecnología. _9114619 |
| 700 | 0 |
_aSaldaña, Luz Consuelo. _9101532 |
|
| 901 | _aBK | ||
| 942 | _cLIBRO | ||
| 949 |
_a338 U5 _bBC _cLIBRO _d33724000352621 _eLIBRO _h64177 _i65861 _si |
||
| 949 |
_a338 U5 _bBC _cLIBRO _d33724000352639 _eLIBRO _fc.2 _h64177 _i65861 _si |
||
| 999 |
_c60721 _d60721 |
||